Movies Quiz

Random Movies or Actor Quiz

Eponymous Movies Quiz Stats

 Plays Quiz Updated Dec 28, 2018

     
Support Sporcle.
Go Orange.
Score 0/26 Timer 07:00
1 Play Today
Year Movie % Correct
1995Billy Madison
64.7%
1994Forrest Gump
64.6%
1990Edward Scissorhands
61.2%
2000Erin Brockovich
58.4%
1964Mary Poppins
49.1%
2001Donnie Darko
45.6%
2006Rocky Balboa
44.9%
1998Patch Adams
40.8%
1996Jerry Maguire
36.8%
1977Annie Hall
36.8%
1990Dances With Wolves
36.3%
2007Michael Clayton
35%
1997Jackie Brown
24.6%
Year Movie % Correct
1996Michael Collins
20%
1994Ed Wood
19.9%
2003Johnny English
17.4%
1975Rooster Cogburn
13.5%
1991Hudson Hawk
10%
1945Mildred Pierce
9.3%
1995Johnny Mnemonic
8.8%
1994Wyatt Earp
7.9%
2007Charlie Bartlett
7.3%
1996Mary Reilly
7%
1952Hans Christian Andersen
5.4%
1970Myra Breckinridge
2.7%
1996Moll Flanders
2.5%

From the Vault

Non-Titular Christmas Songs

by geshmonkey

Holiday 90s
Carolers are a lot like Sporclers: they offer unsolicited information very loudly and with cheer.
Remove Ads.
Support Sporcle.
Get the best of Sporcle when you Go Orange. This ad-free experience offers more features, more stats, and more fun while also helping to support Sporcle. Thank you for becoming a member.

Show Comments

Extras

Top Quizzes Today


Score Distribution

Your Account Isn't Verified!

In order to create a playlist on Sporcle, you need to verify the email address you used during registration. Go to your Sporcle Settings to finish the process.

Report this User

Report this user for behavior that violates our Community Guidelines.

Details: